Personnages historiques en images commençant par un D. - Statistiques

Statistiques générales
  • Ce quiz a été pris 1 201 fois
  • Le résultat moyen est 6 sur 9
Statistiques - réponses
Par images Hint Réponse % Correct
Artiste espagnol Salvador Dali
96%
Auteur de l'Encyclopédie Denis Diderot
84%
Naturaliste anglais Charles Darwin
83%
Révolutionnaire français Georges Jacques Danton
75%
Philosophe et mathématicien René Descartes
72%
Officier français Alfred Dreyfus
71%
Cinéaste américain Walter Disney
70%
Philosophe grec Diogène
45%
Empereur romain Dioclétien
16%
Aucun quiz correspondant
Distribution des résultats
% des personnes avec chaque résultat
Percentile par nombre de réponses
Votre historique - résultats
Vous n’avez pas pris ce quiz